Sermones del Ilustrísimo Señor D. Fr. Francisco Armaña, obispo que fué de Lugo, actual arzobispo de Tarragona

Detalles Bibliográficos
Autor principal: Armaya y Font, François ob. de Luga 1718-1803
Formato: Libro
Lenguaje:Spanish
Publicado: Tarragona 1796
Materias:
Colección:Banco de datos
Acervo:Biblioteca de la Congregación del Oratorio de San Felipe Neri de México. Iglesia La Profesa
Descripción Física:t. 4°
Tema general:Homilética
Notas:Portada tipográfica. Título de la anteportada: Sermones del Ilustrisimo Señor D. Fr. Francisco Armaña. Texto a renglón seguido con notas a pie de página. Incluyen cabeceras de título en grabado xilográfico. Incluyen capitulares floreadas en grabado xilográfico. Cada tomo con portada y numeración propias. Año de los t. 1-2 publicados en 1796. Paginación: t. 1 XXVIII, 392 p.; t. 2 514 p. Encuadernación en piel sobre cartón (6027, 7210). Sello en tinta del Oratorio de San Felipe Neri de México. Biblioteca La Profesa, D.F. (6027, 7210)
LEADER 01334nam a22001930004500
035 |a 2897 
041 0 |a spa 
100 1 |a Armaya y Font, François  |c ob. de Luga  |d 1718-1803 
245 1 0 |a Sermones del Ilustrísimo Señor D. Fr. Francisco Armaña, obispo que fué de Lugo, actual arzobispo de Tarragona 
260 |a Tarragona  |b en la imprenta de Pedro Canals  |c 1796 
300 |a  t.  |c 4° 
500 |a Portada tipográfica. Título de la anteportada: Sermones del Ilustrisimo Señor D. Fr. Francisco Armaña. Texto a renglón seguido con notas a pie de página. Incluyen cabeceras de título en grabado xilográfico. Incluyen capitulares floreadas en grabado xilográfico. Cada tomo con portada y numeración propias. Año de los t. 1-2 publicados en 1796. Paginación: t. 1 XXVIII, 392 p.; t. 2 514 p. Encuadernación en piel sobre cartón (6027, 7210). Sello en tinta del Oratorio de San Felipe Neri de México. Biblioteca La Profesa, D.F. (6027, 7210)  
504 |a Índice de contenido 
505 0 0 |a t. 1 Los de adviento, septuagésima, sexâgésima, y quinquagésima.-- t. 2 Los de quaresma 
650 1 0 |a Homilética 
949 |a Iglesia La Profesa, Biblioteca t. 1 (7210); t. 2 (6027) 
942 |c PROFESA 
943 |g Biblioteca de la Congregación del Oratorio de San Felipe Neri de México. Iglesia La Profesa 
999 |c 949708  |d 949708